Από τη θρησκεία των αρχαίων Ελλήνων
Αποθηκεύτηκε σε:
| Κύριος συγγραφέας: | |
|---|---|
| Άλλοι συγγραφείς: | |
| Μορφή: | Βιβλίο |
| Γλώσσα: | Greek German |
| Δημοσίευση: |
Freiburg :
Herder,
1943.
|
| Σειρά: | Κύκλος έργων τέχνης ;
v.17 |
| Θέματα: | |
| Ετικέτες: |
Προσθήκη ετικέτας
Δεν υπάρχουν, Καταχωρήστε ετικέτα πρώτοι!
|
MARC
| LEADER | 00000cam a2200000 a 4500 | ||
|---|---|---|---|
| 001 | 1/118469 | ||
| 008 | 190418s1943####gr | ||| |||| ||gre|| | ||
| 040 | |a GR-MyUa |b gre |c GR-MyUa |e AACR2 | ||
| 041 | 1 | |a gre |h ger | |
| 082 | 7 | |a 750 |2 (23) | |
| 100 | 1 | |a Peterich, Eckart, |d 1900-1968. | |
| 245 | 1 | 0 | |a Από τη θρησκεία των αρχαίων Ελλήνων / |c Echart Peterich ; ελληνική μετάφραση απ'τον: Ιωάννη Λίβερη. |
| 260 | |a Freiburg : |b Herder, |c 1943. | ||
| 300 | |a 16 σ., 25 σ. (εικ.) : |b εικ. ; |c 19 εκ. | ||
| 490 | 1 | |a (Κύκλος έργων τέχνης ; |v vol.17) | |
| 500 | |a Τίτλος πρωτοτύπου: Vom glauben der Griechen. | ||
| 500 | |a Περιέχει κατάλογο εικόνων (σ. 15-16). | ||
| 650 | 0 | |a Art, Modern |x History. | |
| 650 | 0 | |a Art |z Europe. | |
| 700 | 1 | |a Λίβερης, Ιωάννης , |e trl | |
| 830 | 0 | |a Κύκλος έργων τέχνης ; |v v.17 | |
| 852 | |a INST |b RHODES |c AKA |e 20190418 |h 750 PET |p 005400040630 |q 005400040630 |t BK |y 0 | ||
| 970 | |a Μαρία |b Κωτάκου |z 18-04-2019 | ||